Gentes y gentecillas

Uloženo v:
Podrobná bibliografie
Hlavní autor: Fallas, Carlos Luis
Médium: Kniha
Jazyk:Undetermined
Vydáno: San José, Costa Rica Costa Rica 1947
Témata:
Tagy: Přidat tag
Žádné tagy, Buďte první, kdo vytvoří štítek k tomuto záznamu!

MARC

LEADER 00000nam a2200000Ia 4500
008 170316s9999 xx 000 0 und d
040 |a cru BVZT 
090 |a 868 F-2g 
100 |a Fallas, Carlos Luis 
245 |a Gentes y gentecillas 
260 |a San José, Costa Rica 
260 |b Costa Rica 
260 |c 1947 
300 |a 319 páginas 
650 |a LITERATURA COSTARRICENSE 
650 |a NOVELA 
999 |c 11025  |d 11025 
942 |c 15 D  |h 868 F-2g  |2 z